000 00270nam a22001097a 4500
008 170123b xxu||||| |||| 00| 0 eng d
020 _a9780070344402
041 _aeng
080 _28TH
_a618.2
245 _aDIMENSIONS OF PROFESSIONAL NURSING
_cKELLY, L.Y
942 _2udc
_cBK
999 _c3341
_d3341